Präsidentschaftswahl 2017 in Frankreich und die Sprache der Rechtsextremisten
Politický jazyk dvoch pravicovo-extremistických kandidátov Marine Le Pena a Nicolasa DupontAignana. Na základe podobnej štúdie (Štefančík, Liďák 2017), východisko z hypotézy, že politický jazyk je špecifický, hlavne na lexikálnej úrovni a pri používaní individuálneho jazyka, ktorý obsahuje napr. mil...
Saved in:
| Main Author: | |
|---|---|
| Other Authors: | |
| Format: | Book Chapter |
| Language: | German |
| Subjects: | |
| Tags: |
No Tags, Be the first to tag this record!
|
MARC
| LEADER | 00000naa$a2200000$$$4500 | ||
|---|---|---|---|
| 001 | 0246388 | ||
| 005 | 20240502083657.7 | ||
| 041 | 0 | |a ger | |
| 044 | |a DE | ||
| 245 | 1 | 0 | |a Präsidentschaftswahl 2017 in Frankreich und die Sprache der Rechtsextremisten |
| 520 | |a Politický jazyk dvoch pravicovo-extremistických kandidátov Marine Le Pena a Nicolasa DupontAignana. Na základe podobnej štúdie (Štefančík, Liďák 2017), východisko z hypotézy, že politický jazyk je špecifický, hlavne na lexikálnej úrovni a pri používaní individuálneho jazyka, ktorý obsahuje napr. militantnú slovnú zásobu, frazeologizmy, metafory, synekdochy, plastické výrazy, alebo symboly. | ||
| 610 | 2 | 0 | |a jazykoveda |
| 610 | 2 | 0 | |a rétorika |
| 610 | 2 | 0 | |a extrémizmus |
| 610 | 2 | 0 | |a populizmus |
| 610 | 2 | 0 | |a voľby |
| 610 | 2 | 0 | |a kampane volebné |
| 610 | 2 | 0 | |a Francúzsko |
| 100 | 1 | |a Dinžíková, Iveta | |
| 700 | 1 | |a Maier, Tomas, 1965- | |